[Event "BCF-chT4 0708 (4NCL)"]
[Site "England"]
[Date "2007.11.25"]
[Round "4.3"]
[White "Fegan, Chris"]
[Black "Fraser, Joe"]
[Result "0-1"]
[WhiteElo "2091"]
[BlackElo "1967"]
[PlyCount "114"]
[EventDate "2007.09.15"]
[EventType "team-swiss"]
[EventRounds "11"]
[EventCountry "ENG"]
[SourceTitle "EXT 2009"]
[Source "ChessBase"]
[SourceDate "2008.11.26"]
[SourceVersion "1"]
[SourceVersionDate "2008.11.26"]
[SourceQuality "1"]
[WhiteTeam "Metropolitan"]
[BlackTeam "Sussex Smart Controls"]
[WhiteTeamCountry "ENG"]
[BlackTeamCountry "ENG"]

1. d4 Nf6 2. Nf3 g6 3. Nc3 d5 4. Bf4 Bg7 5. Qd2 Ne4 6. Nxe4 dxe4 7. Ne5 Nd7 8. Ng4 Nb6 9. f3 Qxd4 10. Qxd4 Bxd4 11. 0-0-0 c5 12. e3 Bg7 13. Bb5+ Bd7 14. Rxd7 Nxd7 15. Rd1 0-0-0 16. Rd5 exf3 17. gxf3 h5 18. Nf2 Bh6 19. Bxh6 Rxh6 20. Ne4 f6 21. f4 b6 22. Ba6+ Kb8 23. Nc3 Rhh8 24. Bd3 f5 25. h3 Rhf8 26. a3 Kb7 27. b4 cxb4 28. axb4 Nb8 29. Re5 Nc6 30. Re6 Rd6 31. Rxd6 exd6 32. b5 Ne7 33. Ne2 Kc7 34. Kd2 d5 35. Nd4 Kd6 36. Be2 Ng8 37. Nc6 a5 38. Ne5 Ne7 39. h4 Rf6 40. Kc3 a4 41. Bf3 Re6 42. Kb4 Rxe5 43. fxe5+ Kxe5 44. Kxa4 f4 45. exf4+ Kxf4 46. Bh1 Ke5 47. Kb4 Nf5 48. c4 dxc4 49. Kxc4 Nxh4 50. Kd3 Nf5 51. Bc6 g5 52. Be8 h4 53. Ke2 g4 54. Kf2 Kf4 55. Bc6 h3 56. Kg1 g3 57. Kh1 Nd4 0-1

[Event "BCF-chT4 0708 (4NCL)"]
[Site "England"]
[Date "2007.11.24"]
[Round "3.3"]
[White "Fraser, Joe"]
[Black "Curtis, John E"]
[Result "1-0"]
[WhiteElo "1967"]
[BlackElo "2131"]
[PlyCount "65"]
[EventDate "2007.09.15"]
[EventType "team-swiss"]
[EventRounds "11"]
[EventCountry "ENG"]
[SourceTitle "EXT 2009"]
[Source "ChessBase"]
[SourceDate "2008.11.26"]
[SourceVersion "1"]
[SourceVersionDate "2008.11.26"]
[SourceQuality "1"]
[WhiteTeam "Sussex Smart Controls"]
[BlackTeam "Bristol II"]
[WhiteTeamCountry "ENG"]
[BlackTeamCountry "ENG"]

1. e4 d6 2. d4 Nf6 3. Nc3 e5 4. Nf3 Nbd7 5. Bc4 Be7 6. h3 c6 7. dxe5 dxe5 8. a4 a5 9. Qe2 0-0 10. 0-0 Qc7 11. Nh4 Nc5 12. Nf5 Re8 13. Nxe7+ Qxe7 14. Bg5 Be6 15. Rfd1 Rad8 16. b3 Rxd1+ 17. Rxd1 Rd8 18. f3 Bxc4 19. Qxc4 Ne6 20. Be3 Rxd1+ 21. Nxd1 Qd6 22. Nf2 Nd7 23. Nd3 Nd4 24. Nxe5 Nxe5 25. Qxd4 Nxf3+ 26. gxf3 Qg3+ 27. Kf1 Qxh3+ 28. Ke2 h5 29. Qd8+ Kh7 30. Qg5 Qh2+ 31. Bf2 g6 32. Qg3 Qh1 33. Bg1 1-0

[Event "BCF-chT4 0607 (4NCL)"]
[Site "Sunningdale"]
[Date "2007.02.11"]
[Round "6.1"]
[White "Fraser, Joe"]
[Black "James, Dai"]
[Result "1/2-1/2"]
[WhiteElo "1972"]
[BlackElo "1994"]
[PlyCount "49"]
[EventDate "2006.09.16"]
[EventType "team"]
[EventRounds "11"]
[EventCountry "ENG"]
[SourceTitle "EXT 2008"]
[Source "ChessBase"]
[SourceDate "2007.11.25"]
[SourceVersion "1"]
[SourceVersionDate "2007.11.25"]
[SourceQuality "1"]
[WhiteTeam "Warwicks Select II"]
[BlackTeam "Pontypridd"]
[WhiteTeamCountry "ENG"]
[BlackTeamCountry "ENG"]

1. e4 e6 2. d4 d5 3. Nc3 Nf6 4. Bg5 dxe4 5. Nxe4 Nbd7 6. Nf3 Be7 7. Nxf6+ Bxf6 8. Bxf6 Nxf6 9. Bd3 0-0 10. 0-0 b6 11. Qe2 Bb7 12. c3 Rc8 13. Rad1 Bxf3 14. Qxf3 Qd5 15. Qxd5 exd5 16. f3 c6 17. Rfe1 Rfe8 18. Kf2 Kf8 19. g4 h6 20. Rxe8+ Rxe8 21. Re1 Rxe1 22. Kxe1 Ke7 23. Ke2 g5 24. Ke3 Ne8 25. f4 1/2-1/2

[Event "Hastings Masters op 82nd"]
[Site "Hastings"]
[Date "2007.01.02"]
[Round "6"]
[White "Fraser, Joe"]
[Black "Almond, Richard"]
[Result "1/2-1/2"]
[WhiteElo "1983"]
[BlackElo "2124"]
[PlyCount "47"]
[EventDate "2006.12.28"]
[EventType "swiss"]
[EventRounds "9"]
[EventCountry "ENG"]
[SourceTitle "CBM 116 Extra"]
[Source "ChessBase"]
[SourceDate "2007.03.07"]
[SourceVersion "1"]
[SourceVersionDate "2007.03.07"]
[SourceQuality "1"]

1. e4 d5 2. exd5 Qxd5 3. Nc3 Qa5 4. d4 c6 5. Nf3 Nf6 6. Bc4 Bf5 7. Ne5 e6 8. g4 Bg6 9. h4 Nbd7 10. Nxd7 Nxd7 11. h5 Be4 12. Rh3 Bd5 13. Bd3 c5 14. dxc5 Bc6 15. Bd2 Nxc5 16. Bc4 Qc7 17. Qe2 0-0-0 18. 0-0-0 Be7 19. f4 Bf6 20. Rf1 Qd7 21. Rh2 Na4 22. Nxa4 Bxa4 23. g5 Bd4 24. Be3 1/2-1/2

[Event "Hastings Masters op 82nd"]
[Site "Hastings"]
[Date "2007.01.01"]
[Round "5"]
[White "Dickson, George A"]
[Black "Fraser, Joe"]
[Result "1/2-1/2"]
[WhiteElo "2171"]
[BlackElo "1983"]
[PlyCount "40"]
[EventDate "2006.12.28"]
[EventType "swiss"]
[EventRounds "9"]
[EventCountry "ENG"]
[SourceTitle "CBM 116 Extra"]
[Source "ChessBase"]
[SourceDate "2007.03.07"]
[SourceVersion "1"]
[SourceVersionDate "2007.03.07"]
[SourceQuality "1"]

1. e4 c5 2. c3 Nf6 3. e5 Nd5 4. d4 cxd4 5. Nf3 Nc6 6. Bc4 Nb6 7. Bb3 d6 8. exd6 Qxd6 9. 0-0 e6 10. Nxd4 Nxd4 11. cxd4 Be7 12. Nc3 Bd7 13. Be3 Bc6 14. Qe2 0-0 15. Rfd1 Rfd8 16. Qg4 Nd5 17. Bh6 g6 18. Nxd5 Bxd5 19. Bf4 Qd7 20. Qg3 Bf6 1/2-1/2

[Event "BCF-chT4 0607 (4NCL)"]
[Site "Sunningdale"]
[Date "2006.09.24"]
[Round "2.2"]
[White "Woolley, Jos"]
[Black "Fraser, Joe"]
[Result "1-0"]
[WhiteElo "2094"]
[BlackElo "1989"]
[PlyCount "37"]
[EventDate "2006.09.16"]
[EventType "team"]
[EventRounds "11"]
[EventCountry "ENG"]
[SourceTitle "CBM 115 Extra"]
[Source "ChessBase"]
[SourceDate "2007.01.10"]
[SourceVersion "1"]
[SourceVersionDate "2007.01.10"]
[SourceQuality "1"]
[WhiteTeam "Pandoras Box"]
[BlackTeam "W Collective"]
[WhiteTeamCountry "ENG"]
[BlackTeamCountry "ENG"]

1. e4 c5 2. Nf3 Nc6 3. Bb5 Na5 4. Be2 e6 5. d4 d5 6. exd5 exd5 7. 0-0 c4 8. b3 Be7 9. Ne5 Be6 10. c3 b5 11. f4 f5 12. Re1 Nf6 13. b4 Nb7 14. a4 a6 15. Nc6 Qc8 16. axb5 axb5 17. Bh5+ Kd7 18. Ne5+ Kd6 19. Na3 1-0

[Event "BCF-chT4 0607 (4NCL)"]
[Site "Sunningdale"]
[Date "2006.09.23"]
[Round "1.2"]
[White "Fraser, Joe"]
[Black "Stevenson, James"]
[Result "0-1"]
[WhiteElo "1989"]
[BlackElo "2089"]
[PlyCount "56"]
[EventDate "2006.09.16"]
[EventType "team"]
[EventRounds "11"]
[EventCountry "ENG"]
[SourceTitle "CBM 115 Extra"]
[Source "ChessBase"]
[SourceDate "2007.01.10"]
[SourceVersion "1"]
[SourceVersionDate "2007.01.10"]
[SourceQuality "1"]
[WhiteTeam "W Collective"]
[BlackTeam "Athenaeum"]
[WhiteTeamCountry "ENG"]
[BlackTeamCountry "ENG"]

1. e4 e6 2. d4 d5 3. Nc3 Bb4 4. Nge2 dxe4 5. a3 Be7 6. Nxe4 Nc6 7. g3 Nf6 8. Bg2 e5 9. Nxf6+ Bxf6 10. d5 Ne7 11. c4 0-0 12. Nc3 Nf5 13. 0-0 Re8 14. Ne4 Be7 15. b4 a5 16. Rb1 axb4 17. axb4 Nd6 18. Qb3 Bf5 19. f3 Qd7 20. Bb2 Bf8 21. Nc5 Qe7 22. Rbe1 f6 23. g4 b6 24. Ne6 Bxe6 25. dxe6 Qxe6 26. f4 e4 27. Bc3 b5 28. g5 f5 0-1

[Event "GBR-ch op"]
[Site "Swansea"]
[Date "2006.08.18"]
[Round "11.63"]
[White "Jeffries, Majid"]
[Black "Fraser, Joe"]
[Result "1/2-1/2"]
[WhiteElo "2022"]
[BlackElo "1989"]
[PlyCount "30"]
[EventDate "2006.08.06"]
[EventType "swiss"]
[EventRounds "11"]
[EventCountry "WLS"]
[SourceTitle "CBM 113 Extra"]
[Source "ChessBase"]
[SourceDate "2006.09.14"]
[SourceVersion "1"]
[SourceVersionDate "2006.09.14"]
[SourceQuality "1"]

1. d4 Nf6 2. c4 g6 3. Nc3 Bg7 4. e4 d6 5. Nf3 0-0 6. Be2 e5 7. dxe5 dxe5 8. Qxd8 Rxd8 9. Bg5 Re8 10. Nd5 Nxd5 11. cxd5 c6 12. Bc4 cxd5 13. Bxd5 Nc6 14. Bd2 Be6 15. Bxe6 Rxe6 1/2-1/2

[Event "GBR-ch op"]
[Site "Swansea"]
[Date "2006.08.17"]
[Round "10.55"]
[White "Gibson, Christopher J"]
[Black "Fraser, Joe"]
[Result "1-0"]
[WhiteElo "2021"]
[BlackElo "1989"]
[PlyCount "95"]
[EventDate "2006.08.06"]
[EventType "swiss"]
[EventRounds "11"]
[EventCountry "WLS"]
[SourceTitle "CBM 113 Extra"]
[Source "ChessBase"]
[SourceDate "2006.09.14"]
[SourceVersion "1"]
[SourceVersionDate "2006.09.14"]
[SourceQuality "1"]

1. d4 Nf6 2. c4 g6 3. Nc3 Bg7 4. e4 d6 5. f3 0-0 6. Be3 c5 7. Nge2 Nbd7 8. d5 a6 9. Ng3 Qa5 10. Qd2 b5 11. cxb5 axb5 12. Nxb5 Qb6 13. Be2 Ba6 14. Nc3 Bxe2 15. Ngxe2 Ne5 16. b3 Qb4 17. 0-0 c4 18. Rab1 Qa3 19. Nd4 cxb3 20. Rxb3 Qa6 21. Rfb1 Nc4 22. Qe2 Nxe3 23. Qxe3 Qa7 24. Nc2 Rfc8 25. Qxa7 Rxa7 26. Nb4 Rb7 27. Nc6 Rxb3 28. Rxb3 Kf8 29. a4 e6 30. Rb8 Rxb8 31. Nxb8 Ke8 32. dxe6 fxe6 33. Nb5 d5 34. exd5 Nxd5 35. Nc6 Kd7 36. Ncd4 Nc3 37. a5 Nxb5 38. Nxb5 Kc6 39. Na3 Kc5 40. Nc2 Kb5 41. Kf2 Kxa5 42. Ke3 Be5 43. f4 Bd6 44. Nd4 Kb6 45. Nxe6 Kc6 46. Ng5 Bc5+ 47. Ke4 h5 48. Nf3 1-0

[Event "GBR-ch op"]
[Site "Swansea"]
[Date "2006.08.12"]
[Round "6.49"]
[White "Humphreys, Jerry"]
[Black "Fraser, Joe"]
[Result "1/2-1/2"]
[WhiteElo "2132"]
[BlackElo "1989"]
[PlyCount "59"]
[EventDate "2006.08.06"]
[EventType "swiss"]
[EventRounds "11"]
[EventCountry "WLS"]
[SourceTitle "CBM 113 Extra"]
[Source "ChessBase"]
[SourceDate "2006.09.14"]
[SourceVersion "1"]
[SourceVersionDate "2006.09.14"]
[SourceQuality "1"]

1. e4 c5 2. Nc3 Nc6 3. g3 g6 4. Bg2 Bg7 5. Nge2 d6 6. 0-0 e5 7. d3 f5 8. f4 Nf6 9. Kh1 Be6 10. Be3 Nd4 11. Qd2 Qd7 12. Rae1 0-0 13. exf5 gxf5 14. fxe5 dxe5 15. Nd1 Bd5 16. Nxd4 cxd4 17. Bh6 Bxg2+ 18. Kxg2 Qc6+ 19. Kg1 Ne4 20. dxe4 Bxh6 21. Qe2 fxe4 22. Qg4+ Kh8 23. Qxe4 Be3+ 24. Rxe3 dxe3 25. Qxe5+ Kg8 26. Qg5+ Qg6 27. Qd5+ Kh8 28. Qe5+ Kg8 29. Qd5+ Kh8 30. Qe5+ 1/2-1/2

[Event "GBR-ch op"]
[Site "Swansea"]
[Date "2006.08.10"]
[Round "4.46"]
[White "James, Russell A"]
[Black "Fraser, Joe"]
[Result "1-0"]
[WhiteElo "2245"]
[BlackElo "1989"]
[PlyCount "37"]
[EventDate "2006.08.06"]
[EventType "swiss"]
[EventRounds "11"]
[EventCountry "WLS"]
[SourceTitle "CBM 113 Extra"]
[Source "ChessBase"]
[SourceDate "2006.09.14"]
[SourceVersion "1"]
[SourceVersionDate "2006.09.14"]
[SourceQuality "1"]

1. d4 Nf6 2. Bg5 e6 3. e4 h6 4. Bxf6 Qxf6 5. Nc3 Qd8 6. Bd3 d5 7. Nf3 c5 8. 0-0 Be7 9. exd5 exd5 10. dxc5 Nc6 11. Bb5 0-0 12. Qxd5 Qxd5 13. Nxd5 Bxc5 14. Rfe1 Bd7 15. Rad1 Rad8 16. c4 a6 17. Ba4 Be6 18. a3 Bg4 19. b4 1-0

[Event "BCF-chT4 0506 (4NCL)"]
[Site "West Bromwich"]
[Date "2006.05.28"]
[Round "10.1"]
[White "Harman, Kenneth B"]
[Black "Fraser, Joe"]
[Result "1-0"]
[WhiteElo "2160"]
[BlackElo "2065"]
[PlyCount "83"]
[EventDate "2005.11.05"]
[EventType "team"]
[EventRounds "11"]
[EventCountry "ENG"]
[SourceTitle "CBM 109 Extra"]
[Source "ChessBase"]
[SourceDate "2006.01.03"]
[SourceVersion "2"]
[SourceVersionDate "2006.01.03"]
[SourceQuality "1"]
[WhiteTeam "Cavendish"]
[BlackTeam "Sussex Mindsports"]
[WhiteTeamCountry "ENG"]
[BlackTeamCountry "ENG"]

1. e4 c5 2. Nf3 Nc6 3. Nc3 e5 4. Bc4 d6 5. d3 Be7 6. Nd2 Nf6 7. Nf1 Bg4 8. f3 Be6 9. Ne3 Nd4 10. 0-0 0-0 11. a4 Qd7 12. Ncd5 Bxd5 13. Nxd5 Nxd5 14. Bxd5 Kh8 15. c3 Ne6 16. f4 Nxf4 17. Bxf4 exf4 18. Rxf4 Bg5 19. Rf5 Be3+ 20. Kh1 g6 21. Rf3 Bg5 22. Qb3 f6 23. Raf1 Kg7 24. d4 cxd4 25. cxd4 Rae8 26. h3 Re7 27. Kh2 Rc8 28. a5 Rc7 29. Qb4 Rc2 30. Qe1 Rc1 31. Qg3 Rxf1 32. Rxf1 Re8 33. h4 Bh6 34. Qf3 Qe7 35. Qg4 Be3 36. Rd1 h5 37. Qg3 Bh6 38. Rd3 Rc8 39. Rb3 Rc7 40. a6 b6 41. Rf3 Qd7 42. e5 1-0

[Event "BCF-chT4 0506 (4NCL)"]
[Site "West Bromwich"]
[Date "2005.12.04"]
[Round "4.2"]
[White "Fraser, Joe"]
[Black "Jaunooby, Ali Reza"]
[Result "0-1"]
[WhiteElo "2065"]
[BlackElo "2160"]
[PlyCount "72"]
[EventDate "2005.11.05"]
[EventType "team"]
[EventRounds "11"]
[EventCountry "ENG"]
[SourceTitle "CBM 109 Extra"]
[Source "ChessBase"]
[SourceDate "2006.01.03"]
[SourceVersion "2"]
[SourceVersionDate "2006.01.03"]
[SourceQuality "1"]
[WhiteTeam "Sussex Mindsports"]
[BlackTeam "3CS Oldham II"]
[WhiteTeamCountry "ENG"]
[BlackTeamCountry "ENG"]

1. e4 g6 2. d4 Bg7 3. Nc3 d6 4. Be3 a6 5. f3 b5 6. Qd2 Nd7 7. Nge2 Nb6 8. b3 Bb7 9. Rd1 h5 10. g3 h4 11. Bg2 h3 12. Bf1 Qd7 13. Nf4 g5 14. Nd3 g4 15. fxg4 Nf6 16. d5 Nxg4 17. Bf4 c6 18. Nb4 c5 19. Nd3 c4 20. Nf2 Rc8 21. b4 Ne5 22. Be2 a5 23. a3 axb4 24. axb4 Ra8 25. Be3 Na4 26. Nxa4 Rxa4 27. c3 Qc8 28. Rc1 Qa8 29. 0-0 Bc8 30. Bd4 Bh6 31. Qd1 Bxc1 32. Qxc1 Ra2 33. Bd1 f6 34. Qf4 Rb2 35. Ng4 Rg2+ 36. Kh1 Qa2 0-1

[Event "BCF-chT4 0506 (4NCL)"]
[Site "West Bromwich"]
[Date "2005.11.06"]
[Round "2.2"]
[White "Taylor, Robert Graham"]
[Black "Fraser, Joe"]
[Result "0-1"]
[WhiteElo "2002"]
[BlackElo "2065"]
[PlyCount "116"]
[EventDate "2005.11.05"]
[EventType "team"]
[EventRounds "11"]
[EventCountry "ENG"]
[SourceTitle "CBM 109 Extra"]
[Source "ChessBase"]
[SourceDate "2006.01.03"]
[SourceVersion "2"]
[SourceVersionDate "2006.01.03"]
[SourceQuality "1"]
[WhiteTeam "Pontypridd"]
[BlackTeam "Sussex Mindsports"]
[WhiteTeamCountry "ENG"]
[BlackTeamCountry "ENG"]

1. e4 c5 2. Nf3 Nc6 3. d4 cxd4 4. Nxd4 Nf6 5. Nc3 e5 6. Ndb5 d6 7. a4 Be6 8. Bg5 Be7 9. Be2 a6 10. Na3 Nd4 11. 0-0 Nxe4 12. Nxe4 Bxg5 13. Bc4 d5 14. c3 dxe4 15. cxd4 Bxc4 16. Nxc4 exd4 17. Qg4 0-0 18. Qxe4 b5 19. axb5 axb5 20. Na3 Qb6 21. Qf5 Bf6 22. Nxb5 Rab8 23. Na3 Qxb2 24. Nc4 Qb5 25. Qxb5 Rxb5 26. Rad1 Rd8 27. Rfe1 Kf8 28. Rd3 Rc5 29. Nb2 Rc3 30. g3 Rb8 31. Rd2 Rbb3 32. Red1 g5 33. Nd3 h5 34. Nc1 Rb1 35. Ne2 Rxd1+ 36. Rxd1 Rc5 37. Kg2 Rd5 38. Rd3 Ke7 39. Nc3 Rf5 40. Ne4 Be5 41. h3 g4 42. hxg4 hxg4 43. Nd2 Ke6 44. f3 gxf3+ 45. Nxf3 Kd5 46. Nd2 Rf6 47. Ra3 Rc6 48. Ra5+ Ke6 49. Nf3 Rc2+ 50. Kh3 f6 51. Ra3 Rc3 52. Rxc3 dxc3 53. Ne1 Kf5 54. g4+ Kf4 55. Nc2 Ke4 56. Kg2 Bf4 57. Nb4 Ke3 58. Nd5+ Kd2 0-1

[Event "BCF-ch 92nd"]
[Site "Douglas"]
[Date "2005.08.05"]
[Round "5"]
[White "Fraser, Joe"]
[Black "Cumbers, Paul"]
[Result "1/2-1/2"]
[WhiteElo "1959"]
[BlackElo "2118"]
[PlyCount "55"]
[EventDate "2005.08.01"]
[EventType "swiss"]
[EventRounds "11"]
[EventCountry "ENG"]
[SourceTitle "CBM 107 Extra"]
[Source "ChessBase"]
[SourceDate "2005.09.01"]
[SourceVersion "1"]
[SourceVersionDate "2005.09.01"]
[SourceQuality "1"]

1. e4 e6 2. d4 d5 3. Nc3 Nf6 4. Bg5 Bb4 5. e5 h6 6. Bd2 Bxc3 7. bxc3 Ne4 8. Qg4 Kf8 9. Bd3 Nxd2 10. Kxd2 c5 11. Nf3 b6 12. h4 Ba6 13. Bxa6 Nxa6 14. Rh3 Rc8 15. Ke1 Qe7 16. a4 cxd4 17. Nxd4 Nc5 18. Rg3 Rg8 19. Rf3 Ke8 20. a5 bxa5 21. Rxa5 a6 22. Nb3 Nxb3 23. Qa4+ Qd7 24. Qxd7+ Kxd7 25. cxb3 Ke7 26. Rxa6 Rc7 27. Rg3 Rb8 28. Ra3 1/2-1/2

[Event "BCF-chT4 0304 (4NCL)"]
[Site "West Bromwich "]
[Date "2003.11.22"]
[Round "1.2"]
[White "Fraser, Joe"]
[Black "Fogarasi, Norbert"]
[Result "0-1"]
[WhiteElo "1576"]
[BlackElo "2127"]
[PlyCount "52"]
[EventDate "2003.10.??"]
[EventType "team"]
[EventRounds "11"]
[EventCountry "ENG"]
[SourceTitle "EXT 2005"]
[Source "ChessBase"]
[SourceDate "2004.11.15"]
[SourceVersion "1"]
[SourceVersionDate "2004.11.15"]
[SourceQuality "1"]
[WhiteTeam "Sussex Mindsports"]
[BlackTeam "Metropolitan"]
[WhiteTeamCountry "ENG"]
[BlackTeamCountry "ENG"]

1. e4 c5 2. Nf3 e6 3. d4 cxd4 4. Nxd4 Qb6 5. c4 Bc5 6. Be3 Nc6 7. Nb5 Bxe3 8. fxe3 Nf6 9. N1c3 0-0 10. Qd2 Ng4 11. Be2 Nxe3 12. Na4 Nxg2+ 13. Kf1 Qe3 14. Qxe3 Nxe3+ 15. Kf2 Nc2 16. Rad1 f5 17. exf5 Rxf5+ 18. Kg3 Ne3 19. Rd2 d5 20. Nd6 Rf6 21. Re1 e5 22. Nxc8 Rxc8 23. cxd5 Nd4 24. Nc3 Rcf8 25. Ne4 Rg6+ 26. Kh3 Nxe2 0-1